000 00610nam a2200205 4500
003 OSt
005 20140911174711.0
008 140911b xxu||||| |||| 00| 0 eng d
020 _a033380015
040 _c040a
082 _220
_a363.7
_bBOA 2001
100 _aBoardman, Robert
_91043
245 _aThe political ecenomy of nature :
_benvironmental debates and the social sciences /
_cRobert Boardman
260 _aCanada
_bPalgrave
_c2001
300 _aviii, 205 p;
_c11cm.
440 _aInternational political economy series
_9970
504 _aincludes index
650 _aecenomy
_91044
942 _2ddc
_cSLOAN
999 _c396
_d396